000 02651nam0a2200385 4500
001 RU\NLR\BIBL_A\012023824
005 20260407113431.0
035 _a(NLR Aleph) 012023824
090 _a11515444
_c11515444
100 _a20190528d1896 |||y0rusy50 ca
101 0 _arus
102 _aRU
105 _ay|||z|||000zy
200 1 _aОт двора Его Императорского Величества объявляется: госпожам статс-дамам, камер-фрейлинам, гофмейстеринам, фрейлинам, господам придворным кавалерам и всем обоего пола особам, ко двору приезд имеющим...
_eво вторник, 14 числа сего мая, быть Священному Коронованию
_eдамам быть в русском платье, кавалерам - в парадной форме. Кавалерам Ордена Св. Андрея Первозванного иметь на себе цепь сего ордена
210 _a[Санкт-Петербург]
_cТ-во скоропеч. А.А. Левенсон
_d1896
215 _a[2] с.
_d37
300 _aТекст начинается словами: Его Императорское Величество Высочайше повелеть соизволил...
300 _aВ левом нижнем углу [2]-й с.: 11 мая 1896 г.
300 _aПод текстом: Камер-фурьер Герасимов
309 _aБез тит. л. и обл.
309 _aВ правом верхнем углу: № 3-й
316 _aПравый угол изд. разорван без потери текста
_5NLR
517 1 _aВо вторник, 14 числа сего мая, быть Священному Коронованию
517 1 _aЕго Императорское Величество Высочайше повелеть соизволил...
606 1 _aЗаконодательство
_yРоссия
_z19 в.
_92536964
_3RU\NLR\AUTH\661502287
686 3 _aХ2(2)51-3
702 0 _4570
_8rus
_7ca
_aНиколай
_cимператор российский
_dII
_f1868-1918
_3RU\NLR\AUTH\773750
_9113742
702 1 _4570
_7ca
_8rus
_aГерасимов
_bВ. С.
_cкамер-фурьер
_f19 в.
_9206357
_3RU\NLR\AUTH\770206409
710 0 1 _aРоссия
_bМинистерство Императорского двора и уделов
_3RU\NLR\AUTH\889943471
_9382087
852 _aNLR
_j18.394.1.65
942 _cBOOK
980 _aNB